<?xml version="1.0" encoding="UTF-8"?>
<collection xmlns="http://www.loc.gov/MARC21/slim">
 <record>
  <leader>01867nam a22004937a 4500</leader>
  <controlfield tag="001">000101712</controlfield>
  <controlfield tag="003">CZ-PrVSE</controlfield>
  <controlfield tag="005">20071113151508.0</controlfield>
  <controlfield tag="007">ta</controlfield>
  <controlfield tag="008">071106s2004    xxkd   fr     001 0 eng d</controlfield>
  <datafield tag="020" ind1=" " ind2=" ">
   <subfield code="a">0-415-70006-X</subfield>
   <subfield code="q">(váz.)</subfield>
  </datafield>
  <datafield tag="040" ind1=" " ind2=" ">
   <subfield code="a">ABA006</subfield>
   <subfield code="b">cze</subfield>
   <subfield code="c">ABA006</subfield>
   <subfield code="d">ABA006</subfield>
  </datafield>
  <datafield tag="072" ind1=" " ind2="7">
   <subfield code="a">330.8</subfield>
   <subfield code="x">Ekonomické teorie, doktríny, směry</subfield>
   <subfield code="2">Konspekt</subfield>
   <subfield code="9">4</subfield>
  </datafield>
  <datafield tag="072" ind1=" " ind2="9">
   <subfield code="a">330.1</subfield>
   <subfield code="x">Economic systems, schools, theories</subfield>
   <subfield code="2">Conspectus</subfield>
   <subfield code="9">4</subfield>
  </datafield>
  <datafield tag="080" ind1=" " ind2=" ">
   <subfield code="a">330.821.1</subfield>
   <subfield code="2">MRF</subfield>
  </datafield>
  <datafield tag="080" ind1=" " ind2=" ">
   <subfield code="a">338(091)</subfield>
   <subfield code="2">MRF</subfield>
  </datafield>
  <datafield tag="080" ind1=" " ind2=" ">
   <subfield code="a">33</subfield>
   <subfield code="2">MRF</subfield>
  </datafield>
  <datafield tag="099" ind1=" " ind2="9">
   <subfield code="a">330.8SAM</subfield>
  </datafield>
  <datafield tag="245" ind1="0" ind2="0">
   <subfield code="a">Essays on the history of economics /</subfield>
   <subfield code="c">Warren J. Samuels ... [et al.]</subfield>
  </datafield>
  <datafield tag="250" ind1=" " ind2=" ">
   <subfield code="a">1st ed.</subfield>
  </datafield>
  <datafield tag="260" ind1=" " ind2=" ">
   <subfield code="a">London :</subfield>
   <subfield code="b">Routledge Taylor &amp; Francis Group,</subfield>
   <subfield code="c">2004</subfield>
  </datafield>
  <datafield tag="300" ind1=" " ind2=" ">
   <subfield code="a">340 s.</subfield>
  </datafield>
  <datafield tag="490" ind1="1" ind2=" ">
   <subfield code="a">Routledge studies in the history of economics ;</subfield>
   <subfield code="v">67</subfield>
  </datafield>
  <datafield tag="504" ind1=" " ind2=" ">
   <subfield code="a">Obsahuje bibliografii (s. 306-330) a rejstřík</subfield>
  </datafield>
  <datafield tag="600" ind1="1" ind2="7">
   <subfield code="a">Smith, Adam,</subfield>
   <subfield code="d">1723-1790</subfield>
   <subfield code="7">jn19990008033</subfield>
   <subfield code="2">czenas</subfield>
  </datafield>
  <datafield tag="600" ind1="1" ind2="7">
   <subfield code="a">Veblen, Thorstein,</subfield>
   <subfield code="d">1857-1929</subfield>
   <subfield code="7">jn20011211017</subfield>
   <subfield code="2">czenas</subfield>
  </datafield>
  <datafield tag="648" ind1=" " ind2="7">
   <subfield code="a">19. století</subfield>
   <subfield code="7">ch460557</subfield>
   <subfield code="2">czenas</subfield>
  </datafield>
  <datafield tag="650" ind1="0" ind2="7">
   <subfield code="a">ekonomické teorie</subfield>
   <subfield code="7">ph114428</subfield>
   <subfield code="2">czenas</subfield>
  </datafield>
  <datafield tag="650" ind1="0" ind2="7">
   <subfield code="a">hospodářské dějiny</subfield>
   <subfield code="7">ph114703</subfield>
   <subfield code="2">czenas</subfield>
  </datafield>
  <datafield tag="650" ind1="0" ind2="7">
   <subfield code="a">ekonomie</subfield>
   <subfield code="7">ph114430</subfield>
   <subfield code="2">czenas</subfield>
  </datafield>
  <datafield tag="650" ind1="0" ind2="7">
   <subfield code="a">klasická ekonomie</subfield>
   <subfield code="7">ph433029</subfield>
   <subfield code="2">czenas</subfield>
  </datafield>
  <datafield tag="655" ind1=" " ind2="7">
   <subfield code="a">studie</subfield>
   <subfield code="7">fd133597</subfield>
   <subfield code="2">czenas</subfield>
  </datafield>
  <datafield tag="648" ind1=" " ind2="9">
   <subfield code="a">19th century</subfield>
   <subfield code="2">eczenas</subfield>
  </datafield>
  <datafield tag="650" ind1="0" ind2="9">
   <subfield code="a">economics (theory)</subfield>
   <subfield code="2">eczenas</subfield>
  </datafield>
  <datafield tag="650" ind1="0" ind2="9">
   <subfield code="a">economic history</subfield>
   <subfield code="2">eczenas</subfield>
  </datafield>
  <datafield tag="650" ind1="0" ind2="9">
   <subfield code="a">economics</subfield>
   <subfield code="2">eczenas</subfield>
  </datafield>
  <datafield tag="650" ind1="0" ind2="9">
   <subfield code="a">classical school of economics</subfield>
   <subfield code="2">eczenas</subfield>
  </datafield>
  <datafield tag="655" ind1=" " ind2="9">
   <subfield code="a">studies</subfield>
   <subfield code="2">eczenas</subfield>
  </datafield>
  <datafield tag="700" ind1="1" ind2=" ">
   <subfield code="a">Samuels, Warren J.,</subfield>
   <subfield code="d">1933-2011</subfield>
   <subfield code="7">jn20010601447</subfield>
   <subfield code="4">aut</subfield>
  </datafield>
  <datafield tag="830" ind1=" " ind2="0">
   <subfield code="a">Routledge studies in the history of economics</subfield>
  </datafield>
  <datafield tag="993" ind1=" " ind2=" ">
   <subfield code="a">003504005</subfield>
  </datafield>
  <datafield tag="996" ind1=" " ind2=" ">
   <subfield code="1">PSKLA</subfield>
   <subfield code="3">F197580</subfield>
   <subfield code="4">N:P</subfield>
   <subfield code="5">3142214993</subfield>
   <subfield code="8">20071106</subfield>
   <subfield code="9">330.8SAM</subfield>
   <subfield code="f">81</subfield>
   <subfield code="g">14649</subfield>
   <subfield code="l">UEP01</subfield>
   <subfield code="m">BOOK</subfield>
   <subfield code="q">Knihovna Žižkov - sklad</subfield>
   <subfield code="t">na 1 měsíc</subfield>
   <subfield code="u">UEP01</subfield>
   <subfield code="w">20071112</subfield>
  </datafield>
 </record>
</collection>
